000 00522nam a2200193 4500
003 LK-CoMWRAF
005 20231207091711.0
008 231202b1997 |||||||| |||| 00| 0 eng d
020 _a8175540680
040 _aLK-CoMWRAF
_dLK-CoMWRAF
_eLK-CoMWRAF
041 _aeng
082 _a658.403
_bSMI
100 _a Smith, Jane
245 _a30 minutes ... to make the right decision
260 _aNew Delhi:
_bKogan Page,
_c1997
300 _a 64 p. ; 18 cm
650 _aDECISION MAKING- Handbooks, manuals,
942 _cBK
999 _c4274
_d4274